000 00547nam a2200169 i 4500
001 141091
003 ES-MaACL
005 20230906200223.0
007 t|
008 070919s1977 sp ||||1| spa d
100 1 _aVital, David.
_9115499
245 1 3 _aLa elaboración de la política exterior británica /
_cDavid Vital ; [traducción de Juan Rincón Jurado].
260 _aMadrid :
_bInstituto de Estudios Políticos,
_c1977.
300 _a205 p. ;
_c21 cm.
700 1 _aRincón Jurado, Juan.
_997270
852 _aES-MaACL
_jA-9553
_bR.98725
999 _c141091
_d141091